500k+ First-Level Subdivisions of Africa on a Map - Statistics

General Stats
  • This quiz has been taken 29 times
    24 since last reset
  • The average score is 147 of 513
Answers on the Map
Answers color-coded by a green-red scale on the quiz's map according to % correct below.
 
Answer Stats
Country Type Subdivision % Correct
Sierra Leone 2021 C Area Western
94%
Egypt 2023 E Governorate Alexandria
88%
Algeria 2008 C Province Algiers
88%
Egypt 2023 E Governorate Cairo
88%
Cameroon 2015 P Region East
88%
Ghana 2021 C Region Eastern
88%
Rwanda 2022 C Province Eastern
88%
Sierra Leone 2021 C Province Eastern
88%
Zambia 2022 C Province Eastern
88%
Burkina Faso 2024 P Region Est
88%
South Africa 2022 C Province Mpumalanga
88%
Niger 2020 P Region Niamey
88%
Burkina Faso 2024 P Region Nord
88%
Cameroon 2015 P Region North
88%
Ghana 2021 C Region Northern
88%
Malawi 2023 P Region Northern
88%
Rwanda 2022 C Province Northern
88%
Sierra Leone 2021 C Province Northern
88%
Sudan 2018 P State Northern
88%
Zambia 2022 C Province Northern
88%
Morocco 2023 P Region Oriental
88%
Morocco 2023 P Region Rabat-Salé-Kénitra
88%
Cameroon 2015 P Region South
88%
Eritrea 2012 P Region Southern
88%
Malawi 2023 P Region Southern
88%
Rwanda 2022 C Province Southern
88%
Sierra Leone 2021 C Province Southern
88%
Zambia 2022 C Province Southern
88%
Ethiopia 2022 P Region Southern Nations,Nationalities, and Peoples' Region
88%
Libya 2020 E District Tripoli
88%
Cameroon 2015 P Region West
88%
Gambia 2020 P City West Coast
88%
Ghana 2021 C Region Western
88%
Rwanda 2022 C Province Western
88%
Zambia 2022 C Province Western
88%
Mali 2022 C District Bamako
81%
Republic of the Congo 2023 C Department Brazzaville
81%
Morocco 2023 P Region Casablanca-Settat
81%
Senegal 2023 C Regions Dakar
81%
Tanzania 2022 C Region Dar es Salaam
81%
Nigeria 2022 P Territory Federal Capital Territory
81%
Nigeria 2022 P State Kano
81%
Sudan 2018 P State Khartoum
81%
Democratic Republic of the Congo 2020 P Province Kinshasa
81%
Nigeria 2022 P State Lagos
81%
Angola 2022 P Province Luanda
81%
Morocco 2023 P Region Tanger-Tetouan-Al Hoceima
81%
Tunisia 2023 E Governorate Tunis
81%
Ethiopia 2022 P City Addis Ababa
75%
Libya 2020 E District Benghazi
75%
Morocco 2023 P Region Fès-Meknès
75%
Ghana 2021 C Region Greater Accra
75%
Zimbabwe 2022 C Province Harare
75%
Egypt 2023 E Governorate Luxor
75%
Mozambique 2023 P City Maputo
75%
Mozambique 2023 P Province Maputo
75%
Algeria 2008 C Province Oran
75%
Egypt 2023 E Governorate Aswan
69%
Botswana 2022 C District Central
69%
Eritrea 2012 P Region Central
69%
Ghana 2021 C Region Central
69%
Malawi 2023 P Region Central
69%
Zambia 2022 C Province Central
69%
Togo 2022 C Region Centrale
69%
Burkina Faso 2024 P Region Centre
69%
Cameroon 2015 P Region Centre
69%
Guinea 2014 C Region Conakry
69%
Egypt 2023 E Governorate Giza
69%
Somalia 2019 Cal State Jubaland
69%
Uganda 2020 P City Kampala
69%
Morocco 2023 P Region Marrakesh-Safi
69%
Kenya 2023 P County Nairobi
69%
Ghana 2021 C Region North East
69%
Ethiopia 2022 P Region Somali
69%
Cameroon 2015 P Region Southwest
69%
Somalia 2019 Cal State South West
69%
Ethiopia 2022 P Region South West EthiopiaPeoples' Region
69%
Burkina Faso 2024 P Region Sud-Ouest
69%
Egypt 2023 E Governorate Suez
69%
Ivory Coast 2021 C District Abidjan
63%
Central African Republic 2021 E Prefecture Bangui
63%
Spain 2023 Eva Community Canary Islands
63%
Tanzania 2022 C Region Dodoma
63%
Ivory Coast 2021 C Region La Mé
63%
Kenya 2023 P County Mombasa
63%
Chad 2019 P Province N'Djamena
63%
Cameroon 2015 P Region Northwest
63%
Sierra Leone 2021 C Province North West
63%
South Africa 2022 C Province North West
63%
Zambia 2022 C Province North-Western
63%
Somalia 2019 Cal State Somaliland
63%
Ghana 2021 C Region Western North
63%
Niger 2020 P Region Agadez
56%
Somalia 2019 Cal Region Banaadir
56%
Zimbabwe 2022 C Province Bulawayo
56%
Angola 2022 P Province Cabinda
56%
Algeria 2008 C Province Constantine
56%
Djibouti 2019 P Region Djibouti
56%
Rwanda 2022 C Province Kigali
56%
South Africa 2022 C Province KwaZulu-Natal
56%
Egypt 2023 E Governorate Port Said
56%
Angola 2022 P Province Benguela
50%
South Africa 2022 C Province Eastern Cape
50%
Mali 2022 C Region Gao
50%
Mauritius 2022 C Island Mauritius
50%
Libya 2020 E District Misrata
50%
Nigeria 2022 P State Niger
50%
South Africa 2022 C Province Northern Cape
50%
Ethiopia 2022 P Region Oromia
50%
Republic of the Congo 2023 C Department Pointe-Noire
50%
Sudan 2018 P State River Nile
50%
Tunisia 2023 E Governorate Sfax
50%
Ethiopia 2022 P Region Tigray
50%
South Africa 2022 C Province Western Cape
50%
Ethiopia 2022 P Region Afar
44%
Ethiopia 2022 P Region Amhara
44%
Tanzania 2022 C Region Arusha
44%
Egypt 2023 E Governorate Asyut
44%
Burundi 2008 C Province Gitega
44%
Angola 2022 P Province Huambo
44%
Nigeria 2022 P State Kaduna
44%
Zambia 2022 C Province Lusaka
44%
Tanzania 2022 C Region Mara
44%
Tanzania 2022 C Region Mwanza
44%
Sudan 2018 P State North Darfur
44%
Nigeria 2022 P State Sokoto
44%
Morocco 2023 P Region Souss-Massa
44%
Sudan 2018 P State South Darfur
44%
Tanzania 2022 C Region Tanga
44%
Senegal 2023 C Regions Thiès
44%
Niger 2020 P Region Zinder
44%
Algeria 2008 C Province Béjaïa
38%
Sudan 2018 P State Blue Nile
38%
Algeria 2008 C Province Bouïra
38%
Sudan 2018 P State Central Darfur
38%
Ethiopia 2022 P City Dire Dawa
38%
Sudan 2018 P State East Darfur
38%
Nigeria 2022 P State Enugu
38%
Egypt 2023 E Governorate Faiyum
38%
South Africa 2022 C Province Gauteng
38%
Guinea 2014 C Region Kankan
38%
Mali 2022 C Region Kayes
38%
South Africa 2022 C Province Limpopo
38%
Lesotho 2023 P District Maseru
38%
Mali 2022 C Region Mopti
38%
Guinea 2014 C Region Nzérékoré
38%
Nigeria 2022 P State Oyo
38%
Somalia 2019 Cal State Puntland
38%
France 2021 E Region Réunion
38%
Nigeria 2022 P State Rivers
38%
Tunisia 2023 E Governorate Sousse
38%
Democratic Republic of the Congo 2020 P Province Tanganyika
38%
Sudan 2018 P State West Darfur
38%
Algeria 2008 C Province Annaba
31%
Egypt 2023 E Governorate Damietta
31%
South Africa 2022 C Province Free State
31%
Tunisia 2023 E Governorate Kairouan
31%
Kenya 2023 P County Nakuru
31%
Mozambique 2023 P Province Nampula
31%
Democratic Republic of the Congo 2020 P Province North Kivu
31%
Sudan 2018 P State Red Sea
31%
Senegal 2023 C Regions Saint-Louis
31%
Mali 2022 C Region Ségou
31%
Mali 2022 C Region Sikasso
31%
Democratic Republic of the Congo 2020 P Province South Kivu
31%
Niger 2020 P Region Tahoua
31%
Nigeria 2022 P State Abia
25%
Cameroon 2015 P Region Adamawa
25%
Nigeria 2022 P State Benue
25%
Angola 2022 P Province Bié
25%
Tunisia 2023 E Governorate Bizerte
25%
Nigeria 2022 P State Delta
25%
Morocco 2023 P Region Drâa-Tafilalet
25%
Cameroon 2015 P Region Far North
25%
Ethiopia 2022 P Region Gambela
25%
Kenya 2023 P County Garissa
25%
Democratic Republic of the Congo 2020 P Province Haut-Katanga
25%
Mauritania 2022 P Region Hodh Ech Chargui
25%
Senegal 2023 C Regions Kaolack
25%
Togo 2022 C Region Kara
25%
Democratic Republic of the Congo 2020 P Province Kasaï
25%
Nigeria 2022 P State Katsina
25%
Benin 2013 C Department Littoral
25%
Cameroon 2015 P Region Littoral
25%
Liberia 2022 C County Nimba
25%
Tanzania 2022 C Region Pwani
25%
Egypt 2023 E Governorate Qena
25%
Madagascar 2020 P Region Sava
25%
Ghana 2021 C Region Savannah
25%
Egypt 2023 E Governorate Sharqia
25%
Mozambique 2023 P Province Tete
25%
Algeria 2008 C Province Tlemcen
25%
Kenya 2023 P County Turkana
25%
Ghana 2021 C Region Volta
25%
Kenya 2023 P County Wajir
25%
Sudan 2018 P State White Nile
25%
Senegal 2023 C Regions Ziguinchor
25%
Nigeria 2022 P State Adamawa
19%
Nigeria 2022 P State Akwa Ibom
19%
Nigeria 2022 P State Anambra
19%
Uganda 2020 P District Arua
19%
Ghana 2021 C Region Ashanti
19%
Benin 2013 C Department Atlantique
19%
Chad 2019 P Province Batha
19%
Algeria 2008 C Province Batna
19%
Nigeria 2022 P State Bauchi
19%
Nigeria 2022 P State Bayelsa
19%
Egypt 2023 E Governorate Beheira
19%
Morocco 2023 P Region Béni Mellal-Khénifra
19%
Egypt 2023 E Governorate Beni Suef
19%
Algeria 2008 C Province Biskra
19%
Nigeria 2022 P State Borno
19%
Mozambique 2023 P Province Cabo Delgado
19%
Burkina Faso 2024 P Region Centre-Est
19%
Burkina Faso 2024 P Region Centre-Ouest
19%
Chad 2019 P Province Chari-Baguirmi
19%
Zambia 2022 C Province Copperbelt
19%
Nigeria 2022 P State Cross River
19%
Niger 2020 P Region Diffa
19%
Algeria 2008 C Province Djelfa
19%
Niger 2020 P Region Dosso
19%
Nigeria 2022 P State Ebonyi
19%
Nigeria 2022 P State Edo
19%
Nigeria 2022 P State Ekiti
19%
Algeria 2008 C Province El Oued
19%
Democratic Republic of the Congo 2020 P Province Équateur
19%
Eritrea 2012 P Region Gash-Barka
19%
Mozambique 2023 P Province Gaza
19%
Nigeria 2022 P State Gombe
19%
Nigeria 2022 P State Imo
19%
Mozambique 2023 P Province Inhambane
19%
Egypt 2023 E Governorate Ismailia
19%
Nigeria 2022 P State Jigawa
19%
Egypt 2023 E Governorate Kafr El Sheikh
19%
Nigeria 2022 P State Kebbi
19%
Tanzania 2022 C Region Kigoma
19%
Tanzania 2022 C Region Kilimanjaro
19%
Guinea 2014 C Region Kindia
19%
Kenya 2023 P County Kisumu
19%
Nigeria 2022 P State Kogi
19%
Senegal 2023 C Regions Kolda
19%
Democratic Republic of the Congo 2020 P Province Kongo Central
19%
Nigeria 2022 P State Kwara
19%
Democratic Republic of the Congo 2020 P Province Kwilu
19%
Guinea 2014 C Region Labé
19%
Senegal 2023 C Regions Louga
19%
Angola 2022 P Province Malanje
19%
Kenya 2023 P County Mandera
19%
Niger 2020 P Region Maradi
19%
Kenya 2023 P County Marsabit
19%
Zimbabwe 2022 C Province Masvingo
19%
Egypt 2023 E Governorate Matrouh
19%
Tanzania 2022 C Region Mbeya
19%
Egypt 2023 E Governorate Minya
19%
Tanzania 2022 C Region Mjini Magharibi
19%
Tunisia 2023 E Governorate Monastir
19%
Liberia 2022 C County Montserrado
19%
Egypt 2023 E Governorate Monufia
19%
Chad 2019 P Province Moyen-Chari
19%
Tanzania 2022 C Region Mtwara
19%
Libya 2020 E District Murqub
19%
Angola 2022 P Province Namibe
19%
Sudan 2018 P State North Kordofan
19%
Nigeria 2022 P State Ogun
19%
Nigeria 2022 P State Ondo
19%
Nigeria 2022 P State Osun
19%
Algeria 2008 C Province Ouargla
19%
Benin 2013 C Department Plateau
19%
Nigeria 2022 P State Plateau
19%
Burkina Faso 2024 P Region Plateau-Central
19%
Togo 2022 C Region Plateaux
19%
Egypt 2023 E Governorate Qalyubiyya
19%
Tanzania 2022 C Region Rukwa
19%
Tanzania 2022 C Region Ruvuma
19%
Burkina Faso 2024 P Region Sahel
19%
Ivory Coast 2021 C Region San-Pédro
19%
Algeria 2008 C Province Sétif
19%
Ethiopia 2022 P Region Sidama
19%
Egypt 2023 E Governorate Sohag
19%
Sudan 2018 P State South Kordofan
19%
Tanzania 2022 C Region Tabora
19%
Senegal 2023 C Regions Tambacounda
19%
Nigeria 2022 P State Taraba
19%
Algeria 2008 C Province Tébessa
19%
Niger 2020 P Region Tillabéri
19%
South Sudan 2017 P State Upper Nile
19%
Sudan 2018 P State West Kordofan
19%
Nigeria 2022 P State Yobe
19%
Mozambique 2023 P Province Zambézia
19%
Nigeria 2022 P State Zamfara
19%
Ghana 2021 C Region Ahafo
13%
Benin 2013 C Department Alibori
13%
Sudan 2018 P State Al Qadarif
13%
Madagascar 2020 P Region Analamanga
13%
Eritrea 2012 P Region Anseba
13%
Tunisia 2023 E Governorate Ariana
13%
Benin 2013 C Department Atakora
13%
Democratic Republic of the Congo 2020 P Province Bas-Uélé
13%
Tunisia 2023 E Governorate Ben Arous
13%
Ethiopia 2022 P Region Benishangul-Gumuz
13%
Algeria 2008 C Province Blida
13%
Madagascar 2020 P Region Boeny
13%
Guinea 2014 C Region Boké
13%
Ghana 2021 C Region Bono
13%
Ghana 2021 C Region Bono East
13%
Benin 2013 C Department Borgou
13%
Burkina Faso 2024 P Region Boucle du Mouhoun
13%
Burkina Faso 2024 P Region Cascades
13%
South Sudan 2017 P State Central Equatoria
13%
Burkina Faso 2024 P Region Centre-Nord
13%
Burkina Faso 2024 P Region Centre-Sud
13%
Algeria 2008 C Province Chlef
13%
Benin 2013 C Department Collines
13%
Angola 2022 P Province Cuando Cubango
13%
Angola 2022 P Province Cuanza Norte
13%
Angola 2022 P Province Cuanza Sul
13%
Angola 2022 P Province Cunene
13%
Egypt 2023 E Governorate Dakahlia
13%
Madagascar 2020 P Region Diana
13%
Senegal 2023 C Regions Diourbel
13%
Benin 2013 C Department Donga
13%
South Sudan 2017 P State Eastern Equatoria
13%
Gabon 2020 P Province Estuaire
13%
Guinea 2014 C Region Faranah
13%
Senegal 2023 C Regions Fatick
13%
Somalia 2019 Cal State Galmudug
13%
Tanzania 2022 C Region Geita
13%
Sudan 2018 P State Gezira
13%
Egypt 2023 E Governorate Gharbia
13%
Chad 2019 P Province Guéra
13%
Chad 2019 P Province Hadjer-Lamis
13%
Democratic Republic of the Congo 2020 P Province Haut-Lomami
13%
Burkina Faso 2024 P Region Hauts-Bassins
13%
Democratic Republic of the Congo 2020 P Province Haut-Uélé
13%
Somalia 2019 Cal State Hirshabelle
13%
Angola 2022 P Province Huíla
13%
Tanzania 2022 C Region Iringa
13%
Madagascar 2020 P Region Itasy
13%
Democratic Republic of the Congo 2020 P Province Ituri
13%
Libya 2020 E District Jafara
13%
Uganda 2020 P District Jinja
13%
South Sudan 2017 P State Jonglei
13%
Senegal 2023 C Regions Kaffrine
13%
Tanzania 2022 C Region Kagera
13%
Democratic Republic of the Congo 2020 P Province Kasaï-Central
13%
Democratic Republic of the Congo 2020 P Province Kasaï-Oriental
13%
Uganda 2020 P District Kasese
13%
Sudan 2018 P State Kassala
13%
Tanzania 2022 C Region Katavi
13%
Benin 2013 C Department Kouffo
13%
Mali 2022 C Region Koulikoro
13%
Democratic Republic of the Congo 2020 P Province Kwango
13%
Chad 2019 P Province Lac
13%
South Sudan 2017 P State Lakes
13%
Tanzania 2022 C Region Lindi
13%
Chad 2019 P Province Logone Occidental
13%
Chad 2019 P Province Logone Oriental
13%
Democratic Republic of the Congo 2020 P Province Lomami
13%
Democratic Republic of the Congo 2020 P Province Lualaba
13%
Zambia 2022 C Province Luapula
13%
Angola 2022 P Province Lunda Norte
13%
Angola 2022 P Province Lunda Sul
13%
Democratic Republic of the Congo 2020 P Province Mai-Ndombe
13%
Guinea 2014 C Region Mamou
13%
Chad 2019 P Province Mandoul
13%
Mozambique 2023 P Province Manica
13%
Zimbabwe 2022 C Province Manicaland
13%
Democratic Republic of the Congo 2020 P Province Maniema
13%
Tanzania 2022 C Region Manyara
13%
Togo 2022 C Region Maritime
13%
Zimbabwe 2022 C Province Mashonaland Central
13%
Zimbabwe 2022 C Province Mashonaland East
13%
Zimbabwe 2022 C Province Mashonaland West
13%
Zimbabwe 2022 C Province Matabeleland North
13%
Zimbabwe 2022 C Province Matabeleland South
13%
Senegal 2023 C Regions Matam
13%
Chad 2019 P Province Mayo-Kebbi Est
13%
Chad 2019 P Province Mayo-Kebbi Ouest
13%
Tunisia 2023 E Governorate Medenine
13%
Madagascar 2020 P Region Menabe
13%
Zimbabwe 2022 C Province Midlands
13%
Algeria 2008 C Province Mila
13%
Democratic Republic of the Congo 2020 P Province Mongala
13%
Tanzania 2022 C Region Morogoro
13%
Angola 2022 P Province Moxico
13%
Algeria 2008 C Province M'Sila
13%
Zambia 2022 C Province Muchinga
13%
Burundi 2008 C Province Muyinga
13%
Tunisia 2023 E Governorate Nabeul
13%
Nigeria 2022 P State Nasarawa
13%
Mozambique 2023 P Province Niassa
13%
Tanzania 2022 C Region Njombe
13%
Democratic Republic of the Congo 2020 P Province Nord-Ubangi
13%
South Sudan 2017 P State Northern Bahr el Ghazal
13%
Eritrea 2012 P Region Northern Red Sea
13%
Ghana 2021 C Region Oti
13%
Chad 2019 P Province Ouaddaï
13%
Benin 2013 C Department Ouémé
13%
Democratic Republic of the Congo 2020 P Province Sankuru
13%
Togo 2022 C Region Savanes
13%
Senegal 2023 C Regions Sédhiou
13%
Sudan 2018 P State Sennar
13%
Tanzania 2022 C Region Shinyanga
13%
Chad 2019 P Province Sila
13%
Tanzania 2022 C Region Simiyu
13%
Tanzania 2022 C Region Singida
13%
Algeria 2008 C Province Skikda
13%
Mozambique 2023 P Province Sofala
13%
Madagascar 2020 P Region Sofia
13%
Tanzania 2022 C Region Songwe
13%
Democratic Republic of the Congo 2020 P Province Sud-Ubangi
13%
Chad 2019 P Province Tandjilé
13%
Algeria 2008 C Province Tiaret
13%
Algeria 2008 C Province Tizi Ouzou
13%
Mali 2022 C Region Tombouctou
13%
Democratic Republic of the Congo 2020 P Province Tshopo
13%
Democratic Republic of the Congo 2020 P Province Tshuapa
13%
Angola 2022 P Province Uíge
13%
South Sudan 2017 P State Unity
13%
Ghana 2021 C Region Upper East
13%
Ghana 2021 C Region Upper West
13%
Chad 2019 P Province Wadi Fira
13%
South Sudan 2017 P State Warrap
13%
South Sudan 2017 P State Western Equatoria
13%
Angola 2022 P Province Zaire
13%
Benin 2013 C Department Zou
13%
Madagascar 2020 P Region Anosy
6%
Kenya 2023 P County Baringo
6%
Kenya 2023 P County Bomet
6%
Madagascar 2020 P Region Bongolava
6%
Algeria 2008 C Province Bordj Bou Arréridj
6%
Kenya 2023 P County Bungoma
6%
Kenya 2023 P County Busia
6%
Kenya 2023 P County Embu
6%
Kenya 2023 P County Homa Bay
6%
Kenya 2023 P County Kajiado
6%
Kenya 2023 P County Kakamega
6%
Kenya 2023 P County Kericho
6%
Kenya 2023 P County Kiambu
6%
Kenya 2023 P County Kilifi
6%
Kenya 2023 P County Kisii
6%
Kenya 2023 P County Kitui
6%
Kenya 2023 P County Kwale
6%
Kenya 2023 P County Machakos
6%
Kenya 2023 P County Makueni
6%
Algeria 2008 C Province Mascara
6%
Uganda 2020 P District Mbale
6%
Kenya 2023 P County Meru
6%
Kenya 2023 P County Migori
6%
Algeria 2008 C Province Mostaganem
6%
Kenya 2023 P County Murang'a
6%
Kenya 2023 P County Narok
6%
Kenya 2023 P County Nyandarua
6%
Kenya 2023 P County Nyeri
6%
Kenya 2023 P County Siaya
6%
Algeria 2008 C Province Sidi Bel Abbès
6%
Ivory Coast 2021 C Region Sud-Comoé
6%
Kenya 2023 P County Trans-Nzoia
6%
Kenya 2023 P County West Pokot
6%
Ivory Coast 2021 C Region Agnéby-Tiassa
0%
Algeria 2008 C Province Aïn Defla
0%
Madagascar 2020 P Region Alaotra-Mangoro
0%
Madagascar 2020 P Region Amoron'i Mania
0%
Madagascar 2020 P Region Analanjirofo
0%
Madagascar 2020 P Region Androy
0%
Madagascar 2020 P Region Atsimo-Andrefana
0%
Madagascar 2020 P Region Atsimo-Atsinanana
0%
Madagascar 2020 P Region Atsinanana
0%
Ivory Coast 2021 C Region Bagoué
0%
Algeria 2008 C Province Boumerdès
0%
Ivory Coast 2021 C Region Cavally
0%
Madagascar 2020 P Region Fitovinany
0%
Ivory Coast 2021 C Region Gbêkê
0%
Ivory Coast 2021 C Region Gôh
0%
Ivory Coast 2021 C Region Gontougo
0%
Ivory Coast 2021 C Region Guémon
0%
Ivory Coast 2021 C Region Hambol
0%
Madagascar 2020 P Region Haute Matsiatra
0%
Ivory Coast 2021 C Region Haut-Sassandra
0%
Ivory Coast 2021 C Region Indénié-Djuablin
0%
Uganda 2020 P District Isingiro
0%
Algeria 2008 C Province Jijel
0%
Uganda 2020 P District Kamuli
0%
Burundi 2008 C Province Kayanza
0%
Kenya 2023 P County Kirinyaga
0%
Burundi 2008 C Province Kirundo
0%
Uganda 2020 P District Kyenjojo
0%
Kenya 2023 P County Laikipia
0%
Ivory Coast 2021 C Region Lôh-Djiboua
0%
Uganda 2020 P District Luweero
0%
Ivory Coast 2021 C Region Marahoué
0%
Uganda 2020 P District Mayuge
0%
Algeria 2008 C Province Médéa
0%
Uganda 2020 P District Mubende
0%
Uganda 2020 P District Mukono
0%
Kenya 2023 P County Nandi
0%
Ivory Coast 2021 C Region Nawa
0%
Burundi 2008 C Province Ngozi
0%
Uganda 2020 P District Ntungamo
0%
Kenya 2023 P County Nyamira
0%
Algeria 2008 C Province Oum El Bouaghi
0%
Ivory Coast 2021 C Region Poro
0%
Algeria 2008 C Province Relizane
0%
Ivory Coast 2021 C Region Tchologo
0%
Algeria 2008 C Province Tipaza
0%
Ivory Coast 2021 C Region Tonkpi
0%
Uganda 2020 P District Tororo
0%
Kenya 2023 P County Uasin Gishu
0%
Madagascar 2020 P Region Vakinankaratra
0%
Madagascar 2020 P Region Vatovavy
0%
Kenya 2023 P County Vihiga
0%
Uganda 2020 P District Wakiso
0%
Uganda 2020 P District Yumbe
0%
No matching quizzes found
Score Distribution
Percent of People with Each Score
Percentile by Number Answered
Your Score History
You have not taken this quiz since the last reset